Statistics for Norgesmestere i Håndball for Kvinner

Click here to take the quiz!

General Stats

  • This quiz has been taken 16 times
  • The average score is 9 of 20

Answer Stats

#Vinner% Correct
17Larvik
100%
7Vipers
92%
4Byåsen
83%
5Bækkelaget
75%
4Nordstrand
67%
5Gjerpen
58%
2Vestar
58%
3Brandval
42%
2Frigg
42%
1Stabæk
42%
3Sverresborg
42%
2Glassverket
33%
8Oslo HK
33%
4Skjeberg
33%
1Freidig
25%
11Skogn
25%
3Sørskogbygda
25%
6Grefsen
8%
1Skarphedin
8%
1Trøgstad
8%

Score Distribution

Percentile by Number Answered

Percent of People with Each Score

Your Score History

You have not taken this quiz